Statistics for States that Border Sonora

Click here to take the quiz!

General Stats

  • This quiz has been taken 8 times
  • The average score is 4 of 5

Answer Stats

HintAnswer% Correct
USArizona
100%
MexicoChihuahua
100%
USNew Mexico
100%
MexicoSinaloa
71%
MexicoBaja California
57%

Score Distribution

Percentile by Number Answered

Percent of People with Each Score

Your Score History

You have not taken this quiz